| 000 | 01282cam0 2200301 ib4500 | ||
|---|---|---|---|
| 001 | BY-MI0004-br36057 | ||
| 005 | 20260319112105.0 | ||
| 010 |
^a978-5-386-10981-3 ^d5 р. |
||
| 035 | ^a(BY-MI0004)BY-MI0004-br36057 | ||
| 100 | ^a20201029d2018 c y0rusy50 ca | ||
| 101 | 0 | ^arus | |
| 102 | ^aRU | ||
| 105 | ^ay z 000fy | ||
| 109 | ^ama | ||
| 200 | 1 |
^aМедведь-рыбак ^eрассказы для младшего школьного возраста ^fЕвгений Чарушин |
|
| 210 |
^aМосква ^cПальмира ^d2018 |
||
| 215 |
^a48 с. ^cил. |
||
| 225 | 1 | ^aИллюстрированная библиотека школьника | |
| 606 |
^aРАССКАЗЫ ^3BY-NLB-ar2670465 ^2DVNLB |
||
| 606 |
^aХУДОЖЕСТВЕННАЯ ЛИТЕРАТУРА ^3BY-NLB-ar37179 ^2DVNLB |
||
| 608 |
^aИЗДАНИЕ ДЛЯ ДЕТЕЙ И ЮНОШЕСТВА ^3BY-NLB-ar3269462 ^2BYGNR |
||
| 686 |
^a84(2Рос)6 ^2rubbk |
||
| 690 |
^a1 ^2Base ^9BY-MI0004 ^xRSEK |
||
| 700 | 1 |
^aЧарушин ^bЕ. И. ^gЕвгений Иванович ^cписатель ^cхудожник ^f1901-1965 ^3BY-NLB-ar2488248 |
|
| 801 | 0 |
^aBY ^bBY-MI0004 ^gRCR ^c20201029 |
|
| 899 |
^aBY-MI0004 ^h84(2Рос)6 ^iЧ-23 |
||